Générique Chloé Magique - Paroles - Statistiques

Statistiques générales
  • Ce quiz a été pris 20 fois
  • Le résultat moyen est 9 sur 12
Statistiques - réponses
Paroles % Correct
Déguisons-nous avec Chloé {Magique}
100%
Quel costume aujourd'hui dans Chloé {Magique} ?
100%
Alors déguisons-nous avec Chloé {Magique}
93%
Quel costume aujourd'hui dans Chloé {Magique} ?
93%
Ou conducteur d'un {train} rigolo
80%
Y a de l'aventure dans Chloé {Magique} !
80%
Pilote d'avion pour voler tout {là}-{haut}
67%
Serons-nous des {sirènes}
67%
Des plongeurs des {mers}
60%
Des ballerines ou des {pilotes}
40%
Tu verras c'est {fantastique}
40%
C'est {super}
33%
Aucun quiz correspondant
Distribution des résultats
% des personnes avec chaque résultat
Percentile par nombre de réponses
Votre historique - résultats
Vous n’avez pas pris ce quiz